00832nam a2200229 a 4500008004100000020001500041050002000056100002100076245001400097246003300111260004100144300002400185350000900209500001800218650003100236650002600267650004000293700002000333995009600353999001700449952013600466120416s1987 ||||||||||||||||| || u a0314852425 aHF 5415.135 Gro aGross, Charles W10aMarketing aconcepts and decision making aSt. Paul, MN.bWest Publishingc1987 axxiii, 700p. : ill. a0.00 aBibliography. aMARKETING--DECISION MAKING aMARKETING--MANAGEMENT 0aMARKETING--MANAGEMENT--CASE STUDIES aPeterson, Robin D0.00FCBU-MAIN LIBRARY (Kitwe)H1I29.90M1UAVAILABLEZMain Library Open Access Collection c50401d50401 00102lcc4070a001b001cMain Library Open Access Collectiond2022-11-30l0oHF 5415.135 Grop018164r2022-11-30w2022-11-30y002